000 00474nam a22002057a 4500
003 UA-OsUOA
001 51587
007 ta
008 20080115b un ||||| |||| 00| 0 ukr d
100 _aДарендорф Р.
090 _bД20
942 _cBK
040 _aUA-OsUOA
_bukr
_cUA-OsUOA
_dUA-OsUOA
245 _aУ пошуках нового устрою
955 _a2
041 _aukr
260 _aК.
_bЗнання
_c2007
650 7 _2UDC
999 _c337672
_d337672